| 000 | 00964cam a22001934a 4500 | ||
|---|---|---|---|
| 005 | 20250605163340.0 | ||
| 008 | 250528s ||||||||||||||||||||||||d | ||
| 035 | _a17355 | ||
| 020 | _a1844792463 | ||
| 040 |
_aGR-AtMCL _bgre _dGR-AtMCL _eAACR2 |
||
| 245 | 1 | _aBTEC Higher National in Mechanical Engineering / A Pearson Custom Publication | |
| 250 | _a1st | ||
| 260 |
_bPearson Custom Publishing, _c2005 |
||
| 300 | _a181 | ||
| 520 | _aThis text has been compiled to provide you with some resources that may prove useful in your study of the core units of the Higher National. Preface, Business Management Techniques, What you Need to Know about Budgeting, Analytical Methods for Engineers, Trigonometric and Hyperbolic Identities, Engineering Science, Transformers, Project, Some Practical Considerations, Mechanical Principles, Machines, Engineering Design, Engineering Graphics and the Design Process. | ||
| 942 | _cBK | ||
| 999 |
_c2780 _d2780 |
||